| 000 | 00833nam a2200241 a 4500 | ||
|---|---|---|---|
| 001 | 22856 | ||
| 003 | CO-ViMGA | ||
| 008 | 141112s2004 ck r 000 u spa d | ||
| 020 | _a9701506502 | ||
| 040 |
_aCO-ViMGA _bspa _cCO-ViMGA |
||
| 082 | 0 | 4 | _a621.56 R164f |
| 100 | 1 |
_aRapìn, Pierre _932742 |
|
| 245 | 1 | 0 | _aFormulario del Frio |
| 260 |
_aEspaña : _bAlfaomega |
||
| 300 | _a470p. | ||
| 505 | _aGeneralidades, Fluidos frigorigenos, Metodos de la produccion de frio, Automatismo, Aplicaciones del frio, Enfriamiento de liquidos, Hielo hidrico, Hielo carbonico | ||
| 650 | 1 | 4 |
_aFRIGORIFICOS - MATENIMIENTO Y CONSERVACION _932743 |
| 650 | 1 | 4 |
_aFRIO - APLICACIONES INDUSTRIALES _932744 |
| 650 | 1 | 4 |
_aHIELO _932745 |
| 650 | 1 | 4 |
_aREFRIGERACION _950452 |
| 650 | 1 | 4 |
_aREFRIGERACION - EQUIPO Y ACCESORIOS _932746 |
| 942 |
_2ddc _cBK |
||
| 999 |
_c31151 _d31151 |
||